000 00702 a2200205 4500
005 20250801120330.0
008 250602b |||||||| |||| 00| 0 eng d
020 _a9781009295710
080 _a333.2
_bFOS/C
100 _aFoster, Sheila R.
245 _aThe Cambridge handbook of commons research innovations
260 _bCambridge University Press
_aCambridge
_c2023
300 _axiv,339p.
653 _a Commons -- Congresses
653 _aCommon heritage of mankind (International law) -- Congresses
653 _aNatural resources, Communal -- Congresses
653 _aHardin, Garrett, 1915-2003 The tragedy of the commons -- Congresses
700 _aChrystie F. Swiney
942 _cBK
999 _c114165
_d114164